Paroles - Dadju - Oublie-le - Statistiques

Statistiques générales
  • Ce quiz a été pris 173 fois
  • Le résultat moyen est 320 sur 390
Statistiques - réponses
Réponse % Correct
du
96%
96%
un
96%
ce
95%
de
95%
je
95%
Je
95%
La
95%
95%
là?
95%
là,
95%
m'a
95%
que
95%
"tu
95%
tu
95%
Tu
95%
(tu
95%
À
94%
mon
93%
oublié,
93%
dans
92%
Et
92%
me
92%
Ça
91%
ça
91%
ça,
91%
le
90%
Le
90%
Qui
90%
qui
90%
célibat'
89%
cœur
89%
Mais
89%
même
89%
Même
89%
Si
89%
si
89%
ta
89%
te
89%
routine
88%
snap
87%
certaine
86%
comme
86%
d'une
86%
était
86%
j'reçois
86%
j'suis?"
86%
mort
86%
pas
86%
t'as
86%
"t'as
86%
bien
85%
comment
85%
j'pensais
85%
m'dit
85%
pour
85%
tranquille,
85%
délire
84%
j'ai
84%
J'ai
84%
se
84%
suis
84%
t'es
84%
ton
84%
vie,
84%
vie
84%
autre
83%
c'est
83%
"c'est
83%
dis
83%
Elle
83%
marié
83%
m'ignores
83%
rentré
83%
sais
83%
trop
83%
une
83%
veux,
83%
veux
83%
cher
82%
des
82%
on
82%
par
82%
peut-être
82%
Peut-être
82%
cherché
81%
cherché,
81%
depuis
81%
homme
81%
lycée
81%
monde
81%
ne
81%
Ne
81%
tard,
81%
j'pourrais
80%
J't'ai
80%
j't'ai
80%
jusqu'à
80%
mariée
80%
mariée,
80%
plus
80%
quand
80%
qu'on
80%
revoir"
80%
revoir
80%
revoir,
80%
t'oublier
80%
t'rappelles
80%
choqué,
79%
J'me
79%
mauvais"
79%
mauvais
79%
changer
78%
c'que
78%
jamais
78%
J'te
78%
parler
78%
réveillé,
78%
aujourd'hui,
77%
Cathie
77%
devrait
77%
dire
77%
en
77%
finira
77%
J'lui
77%
m'dise
77%
mots,
77%
revois,
77%
serait
77%
toi,
77%
toi
77%
mal
76%
pourrait
76%
savoir
76%
s'parler
76%
sûre
76%
fait
75%
j'le
75%
m'avais
75%
non
75%
non)
75%
t'effraie
75%
va
75%
ami
74%
être
74%
j't'entends
74%
montrerai
74%
qu'aujourd'hui,
74%
sans
74%
sens
74%
tomber
74%
trouvé,
74%
bon
73%
date
73%
Laisse-moi
73%
longue
73%
peux
73%
pourrais
73%
déjà
72%
tenu
72%
donner
71%
moi
71%
respect
71%
voir
71%
chemin,
70%
connu
70%
malheureuse
70%
moment-là,
70%
retenu,
70%
besoin
69%
choix
69%
croises
69%
destin,
69%
gâche
69%
heureuse
69%
tenue
69%
terminer
69%
tout
69%
cause,
68%
compte
68%
connaissance
68%
essayé
68%
J'parle
68%
M'en
68%
m'en
68%
mérites
68%
qu'un
68%
j'étais
67%
J'étais
67%
juste
67%
l'oublies
67%
donc
66%
débarrasse,
65%
oh,
65%
passé,
65%
témoins,
64%
n'dis
63%
n'donnerai
63%
mama
62%
forcer
61%
nom
53%
sorte
51%
faire
50%
J'vais
50%
t'oublies
48%
yeah
47%
qu'j'fais,
32%
qu'est-ce
13%
Aucun quiz correspondant
Distribution des résultats
% des personnes avec chaque résultat
Percentile par nombre de réponses
Votre historique - résultats
Vous n’avez pas pris ce quiz